000 01302cam a22003854a 4500
001 807
005 20230908162103.0
020 _a0375813586
020 _a9780439660464
040 _aDLC
_cDLC
_dDLC
_beng
050 0 0 _aPZ7 QC941.O78
082 0 0 _aFic
_221
100 1 _aOsborne, Will
245 1 0 _aTwisters and other terrible storms :
_ba nonfiction companion to Twister on Tuesday
_cby Will Osborne and Mary Pope Osborne ; illustrated by Sal Murdocca.
250 _a1st edition
260 _aNew York :
_bRandom House,
_c2003.
300 _a119 pages :
_billustrations ;
_c20 cm
490 _aMagic Tree House
_3Research Guide
500 _a"A stepping stone book."
505 _aR
520 _aDescribes the changing nature of weather and how meteorologists predict and study such storms as tornadoes, hurricanes, and blizzards.
521 _a740
_bLexile
521 _aR
_bRaz-Plus
650 0 _aSevere storms
_vNon-fiction.
650 1 _aTornadoes.
650 1 _aHurricanes.
650 1 _aBlizzards.
650 1 _aWeather.
650 1 _aMeteorology.
700 1 _aOsborne, Mary Pope.
700 1 _aMurdocca, Sal
_eillustrator
700 1 _aOsborne, Mary Pope.
_tTwister on Tuesday.
906 _a7
_bcbc
_corignew
_d1
_eecip
_f20
_gy-gencatlg
942 _2ddc
_cBK
_n0
999 _c807
_d807